| 000 | 00576nam a22001937a 4500 | ||
|---|---|---|---|
| 003 | OSt | ||
| 005 | 20240926150156.0 | ||
| 008 | 240926b |||||||| |||| 00| 0 eng d | ||
| 020 | _a13:9781466556614 | ||
| 040 |
_aDDC _cMUST |
||
| 082 | _a537.5 PAT 2013 | ||
| 100 |
_aPatel Mukund R. _919231 |
||
| 245 |
_aIntroduction to Electronical Power and Power Electronics: _cPatel Mukund R. |
||
| 260 |
_aNew York: _bCRC Press: (Taylor & Francis Group). _c2013. |
||
| 300 |
_axxv,490p.: _bill; _c28cm. |
||
| 504 | _aIncudes Appendixes | ||
| 650 |
_aPhysics _9809 |
||
| 942 |
_2ddc _cO_SHELF |
||
| 999 |
_c9418 _d9418 |
||